عرض عادي
عرض مارك
- Vandenhole, Wouter
دخول Personal Name
001 - CONTROL NUMBER
- control field: 18388
003 - CONTROL NUMBER IDENTIFIER
- control field: AE-AdECS
005 - DATE AND TIME OF LATEST TRANSACTION
- control field: 20250711074831.0
008 - FIXED-LENGTH DATA ELEMENTS
- fixed length control field: 250711|| aca||aabn | a|a d
040 ## - CATALOGING SOURCE
- Original cataloging agency: AE-AdECS
- Transcribing agency: AE-AdECS
100 ## - HEADING--PERSONAL NAME
- Personal name: Vandenhole, Wouter
670 ## - SOURCE DATA FOUND
- Source citation: Work cat.: (AE-AdECS)291389: Llobet, Valeria, author. 18385, Critical Children's Rights Studies :
